Statistics for Former Nations and Civilisations on a Map of North America

Click here to take the quiz!

General Stats

  • This quiz has been taken 216 times
  • The average score is 4 of 12

Answers on the Map

Answers color-coded by a green-red scale on the quiz's map according to % correct below.
 

Answer Stats

Answer% Correct
{Vermont} Republic
96%
Republic of {Yucatán}
69%
Federal Republic of {Central} {America}
68%
Olmecs
45%
{Mississippian} Culture
31%
Republic of {West} {Florida}
29%
{Zapotec} Civilisation
24%
Republic of {Anguilla}
19%
{Tarascan} State
10%
{Huastec} Civilisation
9%
Hohokam
8%
Republic of {Spanish} {Haiti}
8%

Score Distribution

Percentile by Number Answered

Percent of People with Each Score

Your Score History

You have not taken this quiz